00590 2200193 4500001002100000008004100021035002000062245009900082100002000181260003800201300003000239020002200269084001600291520003000307082001000337650002500347990001200372990001200384INLIS000000000015347 ind  a0010-1222000426 aMengenal, Mencegah, Mengatasi Silent Killer, "Hipertensi"cMuhamad Ridwan; editor, Shabira Ika aMUHAMAD, Ridwan aYogyakarta :bRomawi Press,c2017 ax, 171 hal.: ilus.c21 cm a978-602-6634-21-4 a616.7 MUH m aBibliografi : hal.163-171 a616.7 aPENYAKIT. HIPERTENSI a10058 a a10058 b